Speeches and writings of Gopal Krishna Gokhale / (Record no. 136483)
[ view plain ]
| 000 -LEADER | |
|---|---|
| fixed length control field | 00638nam a2200205 4500 |
| 010 ## - LIBRARY OF CONGRESS CONTROL NUMBER | |
| LC control number | A-292815 |
| 035 ## - SYSTEM CONTROL NUMBER | |
| System control number | A-292815 |
| 037 ## - SOURCE OF ACQUISITION | |
| Source of stock number/acquisition | Cen Lib / Ret |
| 040 ## - CATALOGING SOURCE | |
| Original cataloging agency | DPL |
| Language of cataloging | EN |
| 082 ## - DEWEY DECIMAL CLASSIFICATION NUMBER | |
| Classification number | 040 |
| Item number | GOK |
| 100 ## - MAIN ENTRY--PERSONAL NAME | |
| Personal name | Gokhale, Gopal Krishna |
| 245 ## - TITLE STATEMENT | |
| Title | Speeches and writings of Gopal Krishna Gokhale / |
| Statement of responsibility, etc | by Gopal Krishna Gokhale |
| 260 ## - PUBLICATION, DISTRIBUTION, ETC. (IMPRINT) | |
| Place of publication, distribution, etc | Delhi |
| Name of publisher, distributor, etc | Anmol Publications |
| Date of publication, distribution, etc | 1987 |
| 270 ## - ADDRESS | |
| Address | 20, New Lyall Pur Extn., |
| City | Dehi |
| Postal code | 110051 |
| 300 ## - PHYSICAL DESCRIPTION | |
| Extent | (v 1. 579 ; v 2. 200p) |
| Other physical details | 24cm(Hb) |
| 650 ## - SUBJECT ADDED ENTRY--TOPICAL TERM | |
| Topical term or geographic name as entry element | Education -- India. |
| 650 ## - SUBJECT ADDED ENTRY--TOPICAL TERM | |
| Topical term or geographic name as entry element | India -- History -- 1774-1947. |
| 650 ## - SUBJECT ADDED ENTRY--TOPICAL TERM | |
| Topical term or geographic name as entry element | Education. |
| 942 ## - ADDED ENTRY ELEMENTS (KOHA) | |
| Source of classification or shelving scheme | Dewey Decimal Classification |
| Koha item type | English Books |
| Classification part | 040 |
| Call number suffix | GOK |
| Withdrawn status | Lost status | Materials specified (bound volume or other part) | Damaged status | Not for loan | Collection code | Home library | Current library | Date acquired | Source of acquisition | Total Checkouts | Full call number | Barcode | Date last seen | Price effective from | Koha item type | Source of classification or shelving scheme | Copy number | Cost, normal purchase price | Cost, replacement price |
|---|---|---|---|---|---|---|---|---|---|---|---|---|---|---|---|---|---|---|---|
| v 1 | Not For Loan | Reference | Central Library | Central Library | 03/03/2016 | Cen Lib/Ret | 040 GOK | A-292815 | 03/03/2016 | 03/03/2016 | English Books | ||||||||
| v 2 | Not For Loan | Reference | Central Library | Central Library | 12/03/2016 | Cen Lib/Ret | 040 GOK | A-709803 | 12/03/2016 | 12/03/2016 | English Books | Dewey Decimal Classification | 1 | ||||||
| v 1 | Not For Loan | Reference | Central Library | Central Library | 15/03/2016 | Cen Lib/Ret | 040 GOK | A-710543 | 15/03/2016 | 15/03/2016 | English Books | 1 | 750.00 | 750.00 |
